Jerarquía de salarios y lucha de clases / (Record no. 124079)

MARC details
000 -LEADER
campo de control de longitud fija 00585nam a2200193 4500
001 - NÚMERO DE CONTROL
campo de control 124079
003 - IDENTIFICADOR DE NÚMERO DE CONTROL
campo de control ES-MaACL
007 - CAMPO FIJO DE DESCRIPCIÓN FÍSICA--INFORMACIÓN GENERAL
campo de control de longitud fija t|
008 - DATOS DE LONGITUD FIJA--INFORMACIÓN GENERAL
campo de control de longitud fija 070214s1974 sp r ||||1| spa d
100 1# - ENTRADA PRINCIPAL--NOMBRE DE PERSONA
Nombre de persona Ranval, Pierre.
9 (RLIN) 95436
245 10 - MENCIÓN DEL TÍTULO
Título Jerarquía de salarios y lucha de clases /
Mención de responsabilidad, etc. Pierre Ranval ; traducción de Alejandro Pérez.
260 ## - PUBLICACIÓN, DISTRIBUCIÓN, ETC.
Lugar de publicación, distribución, etc. Barcelona :
Nombre del editor, distribuidor, etc. Grijalbo,
Fecha de publicación, distribución, etc. 1974.
300 ## - DESCRIPCIÓN FÍSICA
Extensión 70 p. ;
Dimensiones 19 cm.
490 1# - MENCIÓN DE SERIE
Mención de serie Hipótesis ;
Designación de volumen o secuencia 9
700 1# - ENTRADA AGREGADA--NOMBRE PERSONAL
Nombre de persona Pérez, Alejandro.
9 (RLIN) 90551
830 0# - PUNTO DE ACCESO ADICIONAL DE SERIE-TÍTULO UNIFORME
Título uniforme Hipótesis ;
Designación de volumen o secuencia 9
9 (RLIN) 181652
852 ## - LOCALIZACIÓN
Ubicación ES-MaACL
Número de control de estantería E-6673
Sublocalización o colección R.91038
Holdings
Estatus retirado Estado de pérdida Estado de daño No para préstamo Biblioteca de origen Biblioteca actual Ubicación en estantería Fecha de adquisición Fuente de adquisición Total de préstamos Signatura topográfica completa Código de barras Visto por última vez Precio de reemplazo Tipo de ítem Koha
        Biblioteca del Ateneo de Madrid Biblioteca del Ateneo de Madrid Depósito 2 17/01/2008     E-6673 1129267 23/02/2023 23/02/2023 Libro impreso